| 000 | 01317nam a22002297a 4500 | ||
|---|---|---|---|
| 005 | 20240814173954.0 | ||
| 008 | s1978 eng d | ||
| 040 | _aNALT | ||
| 041 | _aeng | ||
| 245 | 1 | 0 | _aThe French constitution : adopted by the referendum of September 28, 1958 and promulgated on October 4, 1958 |
| 260 | 3 |
_aNew York : _bAmbassado de France, _c1978 |
|
| 300 |
_a40 p. ; _b 28 cm. |
||
| 505 | 0 | _aPreamble -- I-On Sovereignty. -- II - The President of the Republic -- III The Government. -- IV- The Parliament -- V - On Relations Between Parliament and the Government -- VI - On Treaties and International Agreements -- VII The Constitutional Council -- VIII - On Judicial Authority -- IX- The High Court of Justice -- X-The Economic and Social Council. -- XI-On Territorial Units -- XII- On the Community -- XIII- On Agreements of Association -- XIV- On Amendment -- XV-Temporary Provisions -- Declaration of the Rights of Man and of the Citizen -- Preamble (October 27, 1946 Constitution). | |
| 650 | 0 | 4 | _aConstitutional law -- Australia |
| 650 | 0 | 4 | _aConstitutional law -- France |
| 650 | 0 | 4 | _aConstitutions |
| 650 | 0 | 4 | _aFrance -- Constitutional law |
| 850 | _aNALT | ||
| 942 |
_cLB _2lcc |
||
| 999 |
_c20488 _d20488 |
||
| 998 |
_j25 _k นีลวัสน์ อินทรักษา |
||
| 090 | _aKD35.F8.4 F72 1978 | ||